The saint (Record no. 79979)
[ view plain ]
| 000 -LEADER | |
|---|---|
| fixed length control field | 02192cgm a2200577Ia 4500 |
| 001 - CONTROL NUMBER | |
| control field | ocn677193719 |
| 003 - CONTROL NUMBER IDENTIFIER | |
| control field | OCoLC |
| 005 - DATE AND TIME OF LATEST TRANSACTION | |
| control field | 20241220131404.0 |
| 008 - FIXED-LENGTH DATA ELEMENTS--GENERAL INFORMATION | |
| fixed length control field | 101103p20101997cau116 vleng d |
| 040 ## - CATALOGING SOURCE | |
| Original cataloging agency | NYP |
| Transcribing agency | NYP |
| Modifying agency | OCLCA |
| -- | UINTA |
| 020 ## - INTERNATIONAL STANDARD BOOK NUMBER | |
| International Standard Book Number | 0792152972 |
| 020 ## - INTERNATIONAL STANDARD BOOK NUMBER | |
| International Standard Book Number | 9780792152972 |
| 024 1# - OTHER STANDARD IDENTIFIER | |
| Standard number or code | 097361549675 |
| 028 40 - PUBLISHER NUMBER | |
| Publisher number | 15496 |
| Source | Paramount |
| 035 ## - SYSTEM CONTROL NUMBER | |
| System control number | (OCoLC)677193719 |
| 041 0# - LANGUAGE CODE | |
| Language code of text/sound track or separate title | eng |
| -- | fre |
| -- | spa |
| 043 ## - GEOGRAPHIC AREA CODE | |
| Geographic area code | e-ru--- |
| 049 ## - LOCAL HOLDINGS (OCLC) | |
| Holding library | UCLB |
| 092 ## - LOCALLY ASSIGNED DEWEY CALL NUMBER (OCLC) | |
| Classification number | 791.437 |
| 245 04 - TITLE STATEMENT | |
| Title | The saint |
| Medium | [videorecording] / |
| Statement of responsibility, etc | a David Brown and Robert Evans production; directed by Phillip Noyce. |
| 250 ## - EDITION STATEMENT | |
| Edition statement | Widescreen version. |
| 260 ## - PUBLICATION, DISTRIBUTION, ETC. (IMPRINT) | |
| Place of publication, distribution, etc | Hollywood, Calif. : |
| Name of publisher, distributor, etc | Paramount, |
| Date of publication, distribution, etc | 2010. |
| 300 ## - PHYSICAL DESCRIPTION | |
| Extent | 1 videodisc (116 min.) : |
| Other physical details | sd., col. ; |
| Dimensions | 4 3/4 in. |
| 538 ## - SYSTEM DETAILS NOTE | |
| System details note | DVD, widescreen, enhanced for 16:9 TVs; region 1 (NTSC) format; Dolby Digital 5.1 Surround. |
| 500 ## - GENERAL NOTE | |
| General note | Title from container. |
| 511 1# - PARTICIPANT OR PERFORMER NOTE | |
| Participant or performer note | Elisabeth Shue, Henry Goodman, Rade Serbedzija, Val Kilmer. |
| 508 ## - CREATION/PRODUCTION CREDITS NOTE | |
| Creation/production credits note | Director of photography, Phil Meheux; music composed by Graeme Revell. |
| 546 ## - LANGUAGE NOTE | |
| Language note | English or French dialogue; Spanish subtitles. |
| 500 ## - GENERAL NOTE | |
| General note | Special features: commentary by director, theatrical trailer. |
| 500 ## - GENERAL NOTE | |
| General note | Videodisc release of the 1997 motion picture. |
| 521 8# - TARGET AUDIENCE NOTE | |
| Target audience note | Rating: PG-13. |
| 520 ## - SUMMARY, ETC. | |
| Summary, etc | A super-thief is hired by Russians to steal the formula for cold fusion so that Russia can return as a world power. Includes trailer, and commentary. |
| 650 #0 - SUBJECT ADDED ENTRY--TOPICAL TERM | |
| Topical term or geographic name as entry element | Cold fusion |
| Form subdivision | Drama. |
| 9 (RLIN) | 6514234 |
| 651 #0 - SUBJECT ADDED ENTRY--GEOGRAPHIC NAME | |
| Geographic name | Russia (Federation) |
| Form subdivision | Drama. |
| 9 (RLIN) | 6514235 |
| 655 #0 - INDEX TERM--GENRE/FORM | |
| Genre/form data or focus term | Action and adventure films. |
| 9 (RLIN) | 6226955 |
| 655 #0 - INDEX TERM--GENRE/FORM | |
| Genre/form data or focus term | Fiction films. |
| 9 (RLIN) | 6226956 |
| 655 #0 - INDEX TERM--GENRE/FORM | |
| Genre/form data or focus term | Feature films. |
| 9 (RLIN) | 6226957 |
| 700 1# - ADDED ENTRY--PERSONAL NAME | |
| Personal name | Brown, David. |
| 9 (RLIN) | 27147 |
| 700 1# - ADDED ENTRY--PERSONAL NAME | |
| Personal name | Evans, Robert. |
| 9 (RLIN) | 6226958 |
| 700 1# - ADDED ENTRY--PERSONAL NAME | |
| Personal name | Noyce, Phillip. |
| 9 (RLIN) | 58448 |
| 700 1# - ADDED ENTRY--PERSONAL NAME | |
| Personal name | Shue, Elisabeth. |
| 9 (RLIN) | 64695 |
| 700 1# - ADDED ENTRY--PERSONAL NAME | |
| Personal name | Goodman, Henry. |
| 9 (RLIN) | 5871690 |
| 700 1# - ADDED ENTRY--PERSONAL NAME | |
| Personal name | Šerbedžija, Rade, |
| Dates associated with a name | 1946- |
| 9 (RLIN) | 5929756 |
| 700 1# - ADDED ENTRY--PERSONAL NAME | |
| Personal name | Kilmer, Val, |
| Dates associated with a name | 1959- |
| 9 (RLIN) | 38430 |
| 700 1# - ADDED ENTRY--PERSONAL NAME | |
| Personal name | Meheux, Phil, |
| Dates associated with a name | 1941- |
| 9 (RLIN) | 72137 |
| 700 1# - ADDED ENTRY--PERSONAL NAME | |
| Personal name | Revell, Graeme. |
| 9 (RLIN) | 41061 |
| 710 2# - ADDED ENTRY--CORPORATE NAME | |
| Corporate name or jurisdiction name as entry element | Paramount Home Entertainment (Firm) |
| 9 (RLIN) | 72161 |
| 942 ## - ADDED ENTRY ELEMENTS (KOHA) | |
| Koha item type | DVD |
| 994 ## - | |
| -- | C0 |
| -- | UINTA |
| 998 ## - LOCAL CONTROL INFORMATION (RLIN) | |
| -- | a146838 |
| Withdrawn status | Lost status | Source of classification or shelving scheme | Damaged status | Not for loan | Collection code | Home library | Current library | Shelving location | Date acquired | Source of acquisition | Cost, normal purchase price | Total Checkouts | Total Renewals | Full call number | Barcode | Date last seen | Date checked out | Cost, replacement price | Price effective from | Koha item type |
|---|---|---|---|---|---|---|---|---|---|---|---|---|---|---|---|---|---|---|---|---|
| Dewey Decimal Classification | Movies | Wasatch County Library | Wasatch County Library | Audio Visual Area | 02/15/2020 | Donation | 5.99 | 5 | 6 | DVD Sai | 34301001679598 | 01/04/2025 | 12/26/2024 | 5.99 | 03/20/2020 | DVD |
